000 00739cam a2200229Ia 4500
008
020 _a0333348079 (hbk. )
049 _aMAIN
050 0 0 _aREF AG30 ENC
245 0 4 _aThe Macmillan encyclopedia /
_cchief editor, Alan Isaacs.
250 _aRev. and Updated ed.
260 _aAylesbury :
_bMarket House Books ,
_c1990.
300 _a1336 p., [7] p. of plates :
_bill. (some col.), maps (some col.) ;
_c26 cm.
500 _a"First published 1981 by Macmillan, London."--T.p. verso.
650 0 _aEncyclopedias and dictionaries.
700 1 _aIsaacs, Alan.
907 _a.b10235139
_b28-02-07
_c28-02-07
003
005 20230120191429.0
040 _cNUST
942 _cBOOKS
999 _c100985
_d100985